ម៉ាក់ នោះមាន់អ្ហ៎ ! (Record no. 1436)

MARC details
000 -LEADER
fixed length control field 01542nam a22002897a 4500
005 - DATE AND TIME OF LATEST TRANSACTION
control field 20230825082750.0
020 ## - INTERNATIONAL STANDARD BOOK NUMBER
International Standard Book Number 9789924340898
040 ## - CATALOGING SOURCE
Original cataloging agency FISKH
Language of cataloging eng
Transcribing agency FISKH
Modifying agency FISKH
082 ## - DEWEY DECIMAL CLASSIFICATION NUMBER
Classification number 641.665
100 ## - MAIN ENTRY--PERSONAL NAME
Personal name Vanthary, Oum
245 ## - TITLE STATEMENT
Title ម៉ាក់ នោះមាន់អ្ហ៎ !
Statement of responsibility, etc. និពន្ធដោយ អ៊ុំ វ័ណថារី - គូររូបដោយ សៀត សុភាព
250 ## - EDITION STATEMENT
Edition statement បោះពុម្ពលើកទី ២ តុលា ២០២១
260 ## - PUBLICATION, DISTRIBUTION, ETC.
Place of publication, distribution, etc. Phnom Penh :
Name of publisher, distributor, etc. Sipar,
Date of publication, distribution, etc. 2021.
300 ## - PHYSICAL DESCRIPTION
Extent 23 pages :
Other physical details color illustrations ;
Dimensions 27 cm
490 ## - SERIES STATEMENT
Series statement តស់អាន!
505 ## - FORMATTED CONTENTS NOTE
Formatted contents note J
520 ## - SUMMARY, ETC.
Summary, etc. តីតីឃើញសត្វមួយនៅតាមផ្លូវ នាងក៏សួរទៅម្ដាយ ហើយគាត់ប្រាប់ថានោះគឺមាន់។ តែពេលដែលតីតី ឃើញសត្វស្លាបផ្សេងៗ នាងគិតថាពួកវាគឺជាមាន់ទាំងអស់។
520 ## - SUMMARY, ETC.
Summary, etc. Teytey saw an animal on the street. She asked her mother, her mother said it was a chicken. But when Teytey saw the birds, she thought they were all chickens.
521 ## - TARGET AUDIENCE NOTE
Target audience note 500 <br/>
Source Lexile estimate <br/>
521 ## - TARGET AUDIENCE NOTE
Target audience note J <br/>
Source Raz-Plus <br/>
650 ## - SUBJECT ADDED ENTRY--TOPICAL TERM
Topical term or geographic name entry element មាន់
Form subdivision ចាប
General subdivision ច្រឡំ
650 ## - SUBJECT ADDED ENTRY--TOPICAL TERM
Topical term or geographic name entry element Chicken
Form subdivision Birds
General subdivision Confuse
700 ## - ADDED ENTRY--PERSONAL NAME
Personal name Sopheap, Siet
Titles and other words associated with a name illustrations
942 ## - ADDED ENTRY ELEMENTS (KOHA)
Source of classification or shelving scheme Dewey Decimal Classification
Koha item type Books
Suppress in OPAC No
999 ## -
-- 1436
-- 1436
Holdings
Withdrawn status Lost status Source of classification or shelving scheme Damaged status Not for loan Collection Home library Current library Shelving location Date acquired Total Checkouts Full call number Barcode Date last seen Date last checked out Copy number Price effective from Koha item type
    Dewey Decimal Classification     Khmer Language Books / សៀវភៅភាសាខ្មែរ Footprints International School Library Network Toul Kork Campus Footprints International School Library Network Toul Kork Campus TK Campus, Room B402, Khmer Book Case 16, Shelves 112-123 / ទូរសៀវភៅខ្មែរលេខ ១៦​ ធ្នើរ ១១២ ដល់ ១២៣ បន្ទប់ B402 សាខាទួលគោក 08/25/2023 2 VAN 641.665 2023-0353 11/13/2025 08/22/2025 1 08/25/2023 Books
    Dewey Decimal Classification     Khmer Language Books / សៀវភៅភាសាខ្មែរ Footprints International School Library Network Toul Kork Campus Footprints International School Library Network Toul Kork Campus TK Campus, Room B402, Khmer Book Case 16, Shelves 112-123 / ទូរសៀវភៅខ្មែរលេខ ១៦​ ធ្នើរ ១១២ ដល់ ១២៣ បន្ទប់ B402 សាខាទួលគោក 08/25/2023 4 VAN 641.665 2023-0354 02/14/2025 12/04/2024 2 08/25/2023 Books